000 00204nam a2200073Ia 4500
008 170524s9999 xx 000 0 und d
100 _aKUMAR SURENDAR
245 0 _aCORPORATE GOVERNANCE A QUESTION OF ETHICS
260 _bGALGOTIA PUB. HOUSE
999 _c8205
_d8205